书目信息 |
| 题名: |
金蔷薇
|
|
| 作者: | 巴乌斯托夫斯基, 著 ;李时 , 薛菲 译 | |
| 分册: | ||
| 出版信息: | 桂林 漓江出版社 1997 |
|
| 页数: | 266页 | |
| 开本: | 21cm | |
| 丛书名: | 草地漫读 | |
| 单 册: | ||
| 中图分类: | I512.65 | |
| 科图分类: | ||
| 主题词: | 抒情散文--shu qing san wen--苏联--现代--选集 , 抒情散文--shu qing san wen | |
| 电子资源: | ||
| ISBN: | 7-5407-2046-8 | |
| 000 | 01226nam0 2200313 45 | |
| 001 | 012005000794 | |
| 005 | 20061228111007.04 | |
| 010 | @a7-5407-2046-8@dCNY12.00 | |
| 100 | @a20050311e20021997em y0chiy0121 ea | |
| 101 | 1 | @achi@crus |
| 102 | @aCN@b450000 | |
| 105 | @ay z 000ay | |
| 200 | 1 | @a金蔷薇@Ajin qiang wei@d= Golden roses@f(苏联)K·巴乌斯托夫斯基著@g李时, 薛菲译@zeng |
| 210 | @a桂林@c漓江出版社@d1997@h2002重印 | |
| 215 | @a266页@d21cm | |
| 225 | 2 | @a草地漫读@Acao di man du@i外国文学名著系列 |
| 314 | @aK·巴乌斯托夫斯基(1892-1968), 苏联著名作家, 有“散文抒情大师”之美誉, 以其代表作《金蔷薇》闻名于世, 另外他还创作了历史小说、科学小说多种。 | |
| 330 | @a本书是一部美文, 作者用他散文诗的语言、小说似的铺叙, 将作家的文学创作——人类精神活动中最生动、最富有创造性的活动娓娓道来。 | |
| 410 | 0 | @12001 @a草地漫读 |
| 410 | 0 | @12001 @a外国文学名著系列 |
| 510 | 1 | @aGolden roses@zeng |
| 606 | 0 | @a抒情散文@Ashu qing san wen@y苏联@z现代@j选集 |
| 606 | 0 | @a抒情散文@Ashu qing san wen |
| 690 | @aI512.65@v4 | |
| 701 | 1 | @c(苏联)@a巴乌斯托夫斯基,@Aba wu si tuo fu si ji@bK.@4著 |
| 702 | 0 | @a李时@Ali shi@4译 |
| 702 | 0 | @a薛菲@Axue fei@4译 |
| 801 | 0 | @aCN@c20061228 |
| 905 | @a10447@dI512.65@eB070 | |
| 金蔷薇= Golden roses/(苏联)K·巴乌斯托夫斯基著/李时, 薛菲译.-桂林:漓江出版社,1997(2002重印) |
| 266页;21cm.-(草地漫读.外国文学名著系列) |
| ISBN 7-5407-2046-8:CNY12.00 |
| 本书是一部美文, 作者用他散文诗的语言、小说似的铺叙, 将作家的文学创作——人类精神活动中最生动、最富有创造性的活动娓娓道来。 |
| ● |
| 相关链接 |
|
|
|
正题名:金蔷薇
索取号:I512.65/B070
 
预约/预借
| 序号 | 登录号 | 条形码 | 馆藏地/架位号 | 状态 | 备注 |
| 1 | 640663 | 206406637 | 文学库116/116文学库 17排3列2层/ [索取号:I512.65/B070] | 在馆 | |
| 2 | 640664 | 206406646 | 社科二线422/116文学库 17排3列2层/ [索取号:I512.65/B070] | 在馆 | |
| 3 | 640665 | 206406655 | 文学库116/116文学库 17排3列2层/ [索取号:I512.65/B070] | 在馆 |